000 00904nam a22001937a 4500
999 _c3366
_d3366
003 OSt
005 20231123081457.0
008 231123b ||||| |||| 00| 0 eng d
020 _a9780340998502
040 _cKH8
082 _a332.024 HAL
100 _aHall, Alvin,
_eauthor.
245 _aMoney Magic :
_bSeven simple steps to true financial freedom /
_cAlvin Hall.
260 _aLondon;
_bHodder & Stoughton Ltd,
_c2010.
300 _a113 pages :
_c12.8 cm x 19.7 cm.
520 _a"Are you a big spender, maxing your credit cards to buy designer handbags or a flat-screen TV? Or perhaps money stresses you out so much that you bury your head in the sand while the bills mount up? No matter how you handle your money, or how badly you're feeling the pinch, Alvin's Money Magic is the first step to making money work for you"--Global Books In Print
650 _aFinance
_vPersonal
942 _2ddc
_cNFIC